| 000 | 00794nam a2200289Ia 4500 | ||
|---|---|---|---|
| 008 | 170711s9999 xx 000 0 und d | ||
| 020 | _a9781932156744 | ||
| 050 | _a650 | ||
| 050 | _bM478 2005 | ||
| 100 | _aMcGarvey, Robert | ||
| 245 | _aStart your own e-business : | ||
| 245 | _byour step-by-step guide to success / | ||
| 245 | _cby Robert McGarvey and Melissa Campanelli. | ||
| 260 | _aCanada : | ||
| 260 | _bEntrepreneur Press, | ||
| 260 | _c2005 | ||
| 300 | _axvii, 246 pages : | ||
| 300 | _billustrations ; | ||
| 300 | _c23cm. | ||
| 300 | _eEntrepreneur magazine's. | ||
| 500 | _aIncludes appendix and index. | ||
| 650 | _aElectronic commerce. | ||
| 650 | _aNew business enterprises. | ||
| 700 | _aCampanelli, Melissa. | ||
| 700 | _aSeries. | ||
| 700 | _aTitle. | ||
| 999 |
_c339599 _d339599 |
||